| 000 | 00870nam a22002417i 4500 | ||
|---|---|---|---|
| 999 |
_c23000 _d23000 |
||
| 003 | AR-CdUCM | ||
| 008 | 240823b20212021 sp||||| |||| 00| 0 spa d | ||
| 020 | _a978-84-330-3143-3 | ||
| 040 |
_aMUNICIPALIDAD PROVINCIAL DEL CUSCO _cBIBLIOTECA MUNICIPAL DEL CUSCO |
||
| 082 |
_a362 / M58E _bM58E |
||
| 100 |
_aMiller, William R _950240 |
||
| 245 |
_aEl tratamiento de la adicción : _bGuía para profesionales / |
||
| 260 |
_aEspaña : _bEditorial Desclée de Brouwer, _c2021 |
||
| 300 |
_a701 páginas. : _c21 cm |
||
| 505 | _aLa adicción -- Tratamientos para la adicción -- Meditación y mindfulness | ||
| 650 |
_aTratamiento de adicciones _950241 |
||
| 650 |
_aGuía Psicológica _950242 |
||
| 650 |
_aPsicología moderna _939815 |
||
| 700 |
_aForcehimes, Alyssa A _950243 |
||
| 700 |
_aZweben, Allen _950244 |
||
| 942 |
_2ddc _cLIBROS |
||
| 945 |
_apbj _d2024-08-23 |
||